Návrh budovania pozitívneho imidžu podniku s využitím princípov USZP v LEONI Slovakia, spol. s r. o.

Guardado en:
Detalles Bibliográficos
Autor principal: Papierniková, Klaudia (Autor)
Otros Autores: Vaňová, Jaromíra (Orientador)
Formato: Manuscrito Libro
Lenguaje:eslovaco
Publicado: 2020
Materias:
Acceso en línea:http://is.stuba.sk/zp/portal_zp.pl?podrobnosti=151970
Etiquetas: Agregar Etiqueta
Sin Etiquetas, Sea el primero en etiquetar este registro!

MARC

LEADER 00000ntm a22000003a 4500
001 stuzp78177
003 SK-STU
005 20200704211801.3
007 ta
008 150427s2015----xo-----f-mn---000-0-slo-d
040 |a STU  |b slo 
041 0 |a slo 
100 1 |a Papierniková, Klaudia  |u 064000  |k Z4  |4 aut  |U MTF Materiálovotechnologická fakulta  |T MTF Ústav priemyselného inžinierstva a manažmentu  |X 80484  |U M4000  |Y 84  |7 80484 
242 0 1 |a The proposal of building a positive image of the company using the principles of CSR in LEONI Slovakia, spol. s r. o.  |y eng 
245 1 0 |a Návrh budovania pozitívneho imidžu podniku s využitím princípov USZP v LEONI Slovakia, spol. s r. o. 
260 |c 2020 
650 4 |a udržateľné spoločensky zodpovedné podnikanie  |2 slo 
650 4 |a udržateľný rozvoj  |2 slo 
650 4 |a imidž podniku  |2 slo 
650 4 |a Sustainable corporate social responsibility  |2 eng 
650 4 |a Sustainable development  |2 eng 
650 4 |a company image  |2 eng 
700 1 |a Vaňová, Jaromíra  |u 064000  |k Z1  |4 ths  |U MTF Materiálovotechnologická fakulta  |T MTF Ústav priemyselného inžinierstva a manažmentu  |X 2877  |U M4000  |Y 84  |7 A000002877 
856 4 |u http://is.stuba.sk/zp/portal_zp.pl?podrobnosti=151970 
996 |c M* DP-14371  |l MMSKP  |s P  |a 0  |w stuzp78177_0001